[Event "POL-chT 2nd League"]
[Site "Jastrzebia Gora"]
[Date "2022.09.11"]
[Round "9.40"]
[White "Czarnecka, Lidia"]
[Black "Stebel, Agata"]
[Result "1-0"]
[WhiteElo "1957"]
[BlackElo "1885"]
[PlyCount "83"]
[EventDate "2022.09.03"]
[EventType "team-swiss"]
[EventRounds "9"]
[EventCountry "POL"]
[SourceTitle "CBM 210 Extra"]
[Source "ChessBase"]
[SourceDate "2022.11.30"]
[SourceVersion "1"]
[SourceVersionDate "2022.11.30"]
[SourceQuality "1"]
[WhiteTeam "Wieliczka MKS MOS"]
[BlackTeam "Rydultowy Ognisko"]
[WhiteTeamCountry "POL"]
[BlackTeamCountry "POL"]

1. e4 d6 2. d4 Nf6 3. Nc3 Nbd7 4. Nf3 e5 5. Bc4 Be7 6. 0-0 a5 7. a4 0-0 8. h3 Nb6 9. Ba2 exd4 10. Nxd4 c6 11. Re1 Re8 12. Bf4 d5 13. e5 Nfd7 14. e6 Nf6 15. exf7+ Kxf7 16. Nf3 Kg8 17. Qd3 Nbd7 18. Re2 Nc5 19. Qd2 Bf5 20. Rae1 Bf8 21. Ne5 Qb6 22. Qc1 Be6 23. Nf3 Bf7 24. Be5 Nce4 25. Nxe4 Nxe4 26. Bd4 Bc5 27. c3 Rf8 28. Bxc5 Nxc5 29. Ne5 Rad8 30. Bb1 Be6 31. Qg5 Rf6 32. Qh4 Rh6 33. Qd4 Re8 34. Nd3 Nd7 35. Qxb6 Nxb6 36. Nc5 Kf7 37. Bf5 Bxf5 38. Rxe8 Nc8 39. Nxb7 Rg6 40. Nd8+ Kf6 41. Rf8+ Kg5 42. f4+ 1-0

[Event "POL-ch Academic (Women)"]
[Site "Chorzow"]
[Date "2021.05.14"]
[Round "4.4"]
[White "Kubicka, Anna"]
[Black "Stebel, Agata"]
[Result "1-0"]
[WhiteElo "2235"]
[BlackElo "1880"]
[PlyCount "99"]
[EventDate "2021.05.14"]
[EventType "swiss (rapid)"]
[EventRounds "9"]
[EventCountry "POL"]
[SourceTitle "CBM 202 Extra"]
[Source "ChessBase"]
[SourceDate "2021.07.31"]
[SourceVersion "1"]
[SourceVersionDate "2021.07.31"]
[SourceQuality "1"]

1. e4 e5 2. Nf3 Nf6 3. Nxe5 d6 4. Nf3 Nxe4 5. Nc3 Nxc3 6. dxc3 Be7 7. Bd3 0-0 8. Be3 Re8 9. h3 Nc6 10. Qd2 Ne5 11. Nxe5 dxe5 12. 0-0-0 Be6 13. Kb1 c6 14. c4 Qc7 15. c3 Rad8 16. Qc2 g6 17. h4 Rxd3 18. Rxd3 Bf5 19. Kc1 Bxd3 20. Qxd3 Qd8 21. Qe4 Bf6 22. h5 Bg5 23. hxg6 hxg6 24. Kc2 Bxe3 25. Qxe3 b6 26. Qh6 Qf6 27. f3 e4 28. Qh7+ Kf8 29. Qh8+ Ke7 30. Qh2 exf3 31. Qc7+ Kf8 32. gxf3 Kg7 33. f4 Qf5+ 34. Kb3 Re2 35. Rc1 Qc5 36. Qxa7 Re4 37. Qa4 b5 38. Qb4 bxc4+ 39. Kc2 Re2+ 40. Kb1 Qf5+ 41. Ka1 Qxf4 42. Rb1 g5 43. a4 g4 44. a5 g3 45. a6 g2 46. Qb6 Re8 47. a7 Qg5 48. Rg1 f5 49. Qb7+ Re7 50. a8Q 1-0

[Event "POL-chT 2nd League"]
[Site "Poronin"]
[Date "2020.09.10"]
[Round "6.18"]
[White "Stebel, Agata"]
[Black "Leszczynska, Malgorzata"]
[Result "1-0"]
[WhiteElo "1871"]
[BlackElo "1990"]
[PlyCount "73"]
[EventDate "2020.09.05"]
[EventType "team-swiss"]
[EventRounds "9"]
[EventCountry "POL"]
[SourceTitle "CBM 198 Extra"]
[Source "ChessBase"]
[SourceDate "2020.11.30"]
[SourceVersion "1"]
[SourceVersionDate "2020.11.30"]
[SourceQuality "1"]
[WhiteTeam "Rydultowy Ognisko"]
[BlackTeam "Myslenice MLKSz"]
[WhiteTeamCountry "POL"]
[BlackTeamCountry "POL"]

1. d4 g6 2. c4 Bg7 3. Nc3 d6 4. e4 Nd7 5. Be2 e5 6. d5 Ne7 7. g4 a5 8. h4 h6 9. Be3 b6 10. Qd2 Nc5 11. Nh3 Bd7 12. 0-0-0 Ng8 13. f3 a4 14. Nf2 Qc8 15. Nd3 Nf6 16. g5 hxg5 17. hxg5 Nh5 18. f4 Nb3+ 19. axb3 axb3 20. f5 Bxf5 21. exf5 gxf5 22. Nb4 Ra1+ 23. Nb1 Ng3 24. Rxh8+ Bxh8 25. Bd3 f4 26. Bf2 Nf5 27. Qc3 Ne3 28. Bxe3 fxe3 29. Rh1 Bg7 30. Qe1 b5 31. Rh4 c5 32. dxc6 bxc4 33. Rxc4 Ra4 34. Qxe3 d5 35. Nxd5 Rxc4+ 36. Bxc4 Qxc6 37. Qxb3 1-0

[Event "POL-chT 2nd League"]
[Site "Poronin"]
[Date "2020.09.08"]
[Round "4.19"]
[White "Stebel, Agata"]
[Black "Trusz, Julia"]
[Result "1/2-1/2"]
[WhiteElo "1871"]
[BlackElo "1675"]
[PlyCount "123"]
[EventDate "2020.09.05"]
[EventType "team-swiss"]
[EventRounds "9"]
[EventCountry "POL"]
[SourceTitle "CBM 198 Extra"]
[Source "ChessBase"]
[SourceDate "2020.11.30"]
[SourceVersion "1"]
[SourceVersionDate "2020.11.30"]
[SourceQuality "1"]
[WhiteTeam "Rydultowy Ognisko"]
[BlackTeam "Radkow Giecek"]
[WhiteTeamCountry "POL"]
[BlackTeamCountry "POL"]

1. e4 c5 2. c3 d5 3. exd5 Qxd5 4. d4 Nf6 5. Nf3 e6 6. Be3 cxd4 7. cxd4 Bb4+ 8. Nc3 Bd7 9. Bd3 Bb5 10. 0-0 Bxc3 11. bxc3 0-0 12. Bxb5 Qxb5 13. Rb1 Qa6 14. Qb3 b6 15. Ne5 Rc8 16. f4 Nc6 17. Rf3 Na5 18. Qc2 Qb7 19. c4 Qe4 20. Rc1 Rc7 21. Qa4 Rac8 22. h3 h6 23. Bf2 Qb7 24. c5 Nc6 25. Rb1 Nd5 26. Nc4 Qa8 27. cxb6 axb6 28. Qxa8 Rxa8 29. Nxb6 Rb7 30. Rfb3 Rxa2 31. Nxd5 Rxb3 32. Rxb3 exd5 33. Rb5 Ne7 34. g4 f6 35. f5 Re2 36. Kg2 Rc2 37. Kf3 Rc3+ 38. Be3 Ra3 39. Kf2 Ra7 40. Bf4 Rd7 41. Rb6 Kf7 42. Re6 Nc8 43. Kf3 Rb7 44. Bc1 Rb3+ 45. Kg2 Rd3 46. Be3 Ne7 47. Kf3 Rc3 48. Rd6 Rb3 49. Rd7 Ke8 50. Ra7 Kf8 51. Rc7 Ra3 52. Ke2 Ra2+ 53. Bd2 Ra4 54. Kd3 Ke8 55. Bc3 h5 56. Kc2 hxg4 57. hxg4 Ra6 58. Bb4 Rc6+ 59. Rxc6 Nxc6 60. Kc3 Kf7 61. Bd6 g6 62. Kd3 1/2-1/2

[Event "POL-chT 2nd League"]
[Site "Poronin"]
[Date "2020.09.07"]
[Round "3.20"]
[White "Bukowska, Katarzyna"]
[Black "Stebel, Agata"]
[Result "1/2-1/2"]
[WhiteElo "1887"]
[BlackElo "1871"]
[PlyCount "74"]
[EventDate "2020.09.05"]
[EventType "team-swiss"]
[EventRounds "9"]
[EventCountry "POL"]
[SourceTitle "CBM 198 Extra"]
[Source "ChessBase"]
[SourceDate "2020.11.30"]
[SourceVersion "1"]
[SourceVersionDate "2020.11.30"]
[SourceQuality "1"]
[WhiteTeam "Konin Hetman"]
[BlackTeam "Rydultowy Ognisko"]
[WhiteTeamCountry "POL"]
[BlackTeamCountry "POL"]

1. e4 c5 2. Nf3 Nc6 3. Nc3 g6 4. d4 cxd4 5. Nxd4 Bg7 6. Nb3 Nf6 7. Be2 0-0 8. 0-0 d6 9. Kh1 b6 10. f4 Bb7 11. Bf3 e5 12. Nd5 Ba6 13. Rf2 Nxd5 14. Qxd5 Rc8 15. c3 Ne7 16. Qd1 f5 17. Be3 Qc7 18. Qe1 Bd3 19. fxe5 dxe5 20. Rd1 fxe4 21. Be2 Rxf2 22. Bxf2 Rd8 23. Nc1 Bxe2 24. Nxe2 Nf5 25. Ng3 Nxg3+ 26. Bxg3 Rd3 27. Rb1 e3 28. Rd1 Qd6 29. Rxd3 Qxd3 30. h3 Bh6 31. Kh2 e2 32. Bxe5 Bd2 33. Qf2 e1Q 34. Qf6 Qd7 35. Qh8+ Kf7 36. Qf6+ Ke8 37. Qh8+ Ke7 1/2-1/2

[Event "POL-chT U20 1st League"]
[Site "Kudowa Zdroj"]
[Date "2018.07.28"]
[Round "8.23"]
[White "Stebel, Agata"]
[Black "Mazanowska, Aniela"]
[Result "1-0"]
[WhiteElo "1859"]
[BlackElo "1313"]
[PlyCount "71"]
[EventDate "2018.07.21"]
[EventType "team-tourn"]
[EventRounds "9"]
[EventCountry "POL"]
[SourceTitle "CBM 186 Extra"]
[Source "ChessBase"]
[SourceDate "2018.08.24"]
[SourceVersion "1"]
[SourceVersionDate "2018.08.24"]
[SourceQuality "1"]

1. d4 d5 2. Nf3 e6 3. c4 c5 4. cxd5 cxd4 5. dxe6 Bxe6 6. Qxd4 Nc6 7. Qxd8+ Rxd8 8. a3 Bb3 9. Nc3 Bb4 10. Bd2 Nf6 11. axb4 Nxb4 12. Ra5 Ng4 13. e3 Nc2+ 14. Ke2 0-0 15. Nd4 Nxd4+ 16. exd4 Bc4+ 17. Kf3 Bxf1 18. Kxg4 Rxd4+ 19. Bf4 Bxg2 20. Rd1 Rb4 21. Kg3 Bc6 22. Bd6 Rxb2 23. Bxf8 Kxf8 24. Rxa7 h5 25. Ra8+ Ke7 26. Nd5+ Ke6 27. Nf4+ Kf5 28. Nd3 Rb3 29. f3 g5 30. Ra5+ b5 31. Ra6 Rc3 32. Rc1 Rxd3 33. Rcxc6 h4+ 34. Kf2 Rd2+ 35. Ke3 Rxh2 36. Rc5# 1-0

[Event "POL-chT U20 1st League"]
[Site "Kudowa Zdroj"]
[Date "2018.07.26"]
[Round "6.29"]
[White "Stebel, Agata"]
[Black "Buchta, Agnieszka"]
[Result "1-0"]
[WhiteElo "1859"]
[BlackElo "1810"]
[PlyCount "93"]
[EventDate "2018.07.21"]
[EventType "team-tourn"]
[EventRounds "9"]
[EventCountry "POL"]
[SourceTitle "CBM 186 Extra"]
[Source "ChessBase"]
[SourceDate "2018.08.24"]
[SourceVersion "1"]
[SourceVersionDate "2018.08.24"]
[SourceQuality "1"]

1. e4 e5 2. Nf3 Nc6 3. Bc4 Nf6 4. d3 Be7 5. c3 0-0 6. 0-0 d5 7. exd5 Nxd5 8. Re1 Bg4 9. Nbd2 Nb6 10. Bb5 f6 11. Nc4 Nd5 12. Ne3 Nxe3 13. Bxe3 Kh8 14. Qe2 Qd7 15. h3 Be6 16. d4 e4 17. Bf4 f5 18. Ne5 Qe8 19. Rad1 a6 20. Nxc6 axb5 21. Nxe7 Qxe7 22. d5 Bf7 23. d6 Qh4 24. Bg3 Qg5 25. Qxb5 cxd6 26. Bxd6 Rfe8 27. g3 Qh5 28. h4 Rxa2 29. Bf4 Qf3 30. Rd7 Qh5 31. Qxb7 Bc4 32. Rxg7 Raa8 33. Re7 Rxe7 34. Qxe7 Qg6 35. Qc7 Bf7 36. Rd1 Kg7 37. Be5+ Kh6 38. c4 Qg4 39. Bf4+ Kg7 40. Be5+ Kh6 41. Rc1 Bg6 42. Bf4+ Kh5 43. Qg7 Qf3 44. Qf6 Kg4 45. h5 Qd3 46. hxg6 hxg6 47. Qxg6+ 1-0

[Event "POL-chT U20 1st League"]
[Site "Kudowa Zdroj"]
[Date "2018.07.21"]
[Round "1.17"]
[White "Stebel, Agata"]
[Black "Tarka, Aleksandra"]
[Result "1-0"]
[WhiteElo "1859"]
[BlackElo "1679"]
[PlyCount "114"]
[EventDate "2018.07.21"]
[EventType "team-tourn"]
[EventRounds "9"]
[EventCountry "POL"]
[SourceTitle "CBM 186 Extra"]
[Source "ChessBase"]
[SourceDate "2018.08.24"]
[SourceVersion "1"]
[SourceVersionDate "2018.08.24"]
[SourceQuality "1"]

1. e4 c5 2. c3 Nf6 3. e5 Nd5 4. d4 cxd4 5. cxd4 Nc6 6. Nf3 d6 7. Bc4 Nb6 8. Bb5 Bd7 9. exd6 e6 10. Nc3 Bxd6 11. 0-0 Nb4 12. Be2 N4d5 13. Ne4 Be7 14. Ne5 Rc8 15. Bd3 0-0 16. Qh5 f5 17. Ng5 Bxg5 18. Bxg5 Nf6 19. Qe2 Bc6 20. Nxc6 Rxc6 21. Bb5 Rd6 22. Rac1 Rxd4 23. Qxe6+ Kh8 24. Be3 Rd5 25. Bc5 Rg8 26. Be7 Qb8 27. Bxf6 Rxb5 28. Bc3 Qe8 29. Qd6 Qd7 30. Qxd7 Nxd7 31. Rfe1 Nc5 32. Re7 Ne4 33. Bd4 h6 34. f3 Nf6 35. Bxf6 gxf6 36. Rcc7 Rb8 37. Rh7+ Kg8 38. Rxh6 Rxb2 39. Rxf6 Rxa2 40. Rxf5 b5 41. Rg5+ Kh8 42. Rcc5 b4 43. Rc4 Rb7 44. Rh4+ Rh7 45. Rxb4 Rg7 46. Rxg7 Kxg7 47. h4 a5 48. Rb7+ Kg6 49. Kh2 a4 50. Rb5 a3 51. Ra5 Kh6 52. Kh3 Ra1 53. g4 Rh1+ 54. Kg3 Rg1+ 55. Kf4 Rh1 56. h5 Ra1 57. Ra6+ Kh7 1-0

[Event "POL-chT U20 1st League"]
[Site "Szczyrk"]
[Date "2017.07.26"]
[Round "5.5"]
[White "Tarka, Aleksandra"]
[Black "Stebel, Agata"]
[Result "0-1"]
[WhiteElo "1607"]
[BlackElo "1829"]
[PlyCount "80"]
[EventDate "2017.07.22"]
[EventType "team-tourn"]
[EventRounds "9"]
[EventCountry "POL"]
[SourceTitle "EXT 2019"]
[Source "ChessBase"]
[SourceDate "2018.10.10"]
[SourceVersion "1"]
[SourceVersionDate "2018.10.10"]
[SourceQuality "1"]

1. e4 c5 2. Nf3 Nc6 3. d4 cxd4 4. Nxd4 Nf6 5. Nc3 e5 6. Ndb5 d6 7. Bg5 a6 8. Na3 b5 9. Nd5 Be7 10. Bxf6 Bxf6 11. c3 0-0 12. Nc2 Bg5 13. h4 Bh6 14. g4 Bf4 15. Qf3 Be6 16. Nxf4 exf4 17. Qxf4 Ne5 18. Ne3 b4 19. c4 b3 20. axb3 Qb6 21. Be2 Qb4+ 22. Kf1 Qxb3 23. Rc1 Qxb2 24. Rc2 Qb3 25. Kg2 Rfc8 26. c5 Qb4 27. cxd6 Rxc2 28. Nxc2 Qxd6 29. Rd1 Qc5 30. Nd4 Bd7 31. Nf5 Bxf5 32. Qxf5 Qc2 33. Qxe5 Qxe2 34. Qd5 Qxg4+ 35. Kf1 Re8 36. Qd3 Qxh4 37. Qxa6 Qxe4 38. Kg1 Qg4+ 39. Kh2 Qxd1 40. Qc6 Qe2 0-1

[Event "POL-chT U19 1st League"]
[Site "Ustron"]
[Date "2015.08.01"]
[Round "8.29"]
[White "Dwilewicz, Katarzyna"]
[Black "Stebel, Agata"]
[Result "1-0"]
[WhiteElo "1872"]
[BlackElo "1864"]
[PlyCount "45"]
[EventDate "2015.07.25"]
[EventType "team-tourn"]
[EventRounds "9"]
[EventCountry "POL"]
[SourceTitle "EXT 2018"]
[Source "ChessBase"]
[SourceDate "2017.10.13"]
[SourceVersion "1"]
[SourceVersionDate "2017.10.13"]
[SourceQuality "1"]
[WhiteTeam "Zary ZKSz U19"]
[BlackTeam "Rydultowy Ognisko U19"]
[WhiteTeamCountry "POL"]
[BlackTeamCountry "POL"]

1. e4 d6 2. d4 Nf6 3. Nc3 g6 4. Nf3 Bg7 5. Bc4 0-0 6. 0-0 Nxe4 7. Nxe4 d5 8. Bd3 dxe4 9. Bxe4 Nd7 10. c3 Nf6 11. Bd3 b6 12. Re1 Bb7 13. Qe2 e6 14. Ne5 Rc8 15. Bg5 c5 16. dxc5 Rxc5 17. Rad1 Qe7 18. Bb5 Rc7 19. Nd7 Rfc8 20. Qe5 Rxd7 21. Bxd7 Rc5 22. Bxf6 Bxf6 23. Qb8+ 1-0

[Event "POL-chT U19 1st League"]
[Site "Ustron"]
[Date "2015.07.28"]
[Round "4.17"]
[White "Pyzio, Amelia"]
[Black "Stebel, Agata"]
[Result "0-1"]
[WhiteElo "1409"]
[BlackElo "1864"]
[PlyCount "62"]
[EventDate "2015.07.25"]
[EventType "team-tourn"]
[EventRounds "9"]
[EventCountry "POL"]
[SourceTitle "EXT 2018"]
[Source "ChessBase"]
[SourceDate "2017.10.13"]
[SourceVersion "1"]
[SourceVersionDate "2017.10.13"]
[SourceQuality "1"]
[WhiteTeam "Chrzanow UKS SP 8 U19"]
[BlackTeam "Rydultowy Ognisko U19"]
[WhiteTeamCountry "POL"]
[BlackTeamCountry "POL"]

1. e4 e5 2. Nf3 Nc6 3. Bc4 Nf6 4. d3 Be7 5. 0-0 0-0 6. c3 d5 7. exd5 Nxd5 8. Re1 Bg4 9. h3 Bh5 10. Nbd2 Nb6 11. Qe2 Bd6 12. Bb3 Kh8 13. Ne4 f5 14. Nxd6 cxd6 15. Qe3 h6 16. Nh2 f4 17. Qd2 d5 18. Bc2 Qf6 19. b4 Ne7 20. Bd1 Bxd1 21. Qxd1 Ng6 22. Qh5 Rae8 23. Bd2 e4 24. dxe4 dxe4 25. Bc1 Nc4 26. Qd5 Qxc3 27. Bxf4 Nxf4 28. Qxb7 Nd3 29. Rf1 Qd4 30. Qb5 Nxf2 31. Ng4 Nxg4+ 0-1

[Event "POL-chT U19 1st League"]
[Site "Ustron"]
[Date "2015.07.26"]
[Round "2.11"]
[White "Murawko, Katarzyna"]
[Black "Stebel, Agata"]
[Result "1/2-1/2"]
[WhiteElo "1948"]
[BlackElo "1864"]
[PlyCount "135"]
[EventDate "2015.07.25"]
[EventType "team-tourn"]
[EventRounds "9"]
[EventCountry "POL"]
[SourceTitle "EXT 2018"]
[Source "ChessBase"]
[SourceDate "2017.10.13"]
[SourceVersion "1"]
[SourceVersionDate "2017.10.13"]
[SourceQuality "1"]
[WhiteTeam "Suwalki Hancza U19"]
[BlackTeam "Rydultowy Ognisko U19"]
[WhiteTeamCountry "POL"]
[BlackTeamCountry "POL"]

1. e4 e5 2. Nf3 Nf6 3. d4 Nxe4 4. Bd3 d5 5. dxe5 Nc6 6. h3 Be7 7. 0-0 0-0 8. c3 f6 9. exf6 Nxf6 10. Re1 Bd6 11. Bg5 Bd7 12. Bc2 Ne7 13. Ne5 c6 14. Nxd7 Qxd7 15. Nd2 Rae8 16. Nf3 Qc7 17. Nd4 Qd7 18. Ne6 Rf7 19. Re3 Kh8 20. Qd4 Ne4 21. Bxe4 dxe4 22. Qxe4 Nd5 23. Ree1 Nc7 24. Rad1 Rxe6 25. Qd4 Rxe1+ 26. Rxe1 Ne6 27. Qg4 Nf8 28. Qd4 Qf5 29. Be3 Bf4 30. Qxa7 Bxe3 31. Qxe3 h6 32. a3 Ng6 33. b4 Kh7 34. a4 Qc2 35. a5 Re7 36. Qc1 Qxc1 37. Rxc1 Re2 38. Rd1 Re7 39. Rd6 Nf4 40. c4 Kg8 41. h4 Kf7 42. g3 Ne6 43. Kf1 Kf6 44. a6 bxa6 45. Rxc6 Rb7 46. Rxa6 Rxb4 47. c5 Rc4 48. c6 Ke5 49. Kg2 Nc7 50. Rb6 Ke4 51. f3+ Kd4 52. g4 Ke3 53. Kg3 Rc3 54. h5 Kd4 55. Rb4+ Kd5 56. Rb8 Rxc6 57. Rd8+ Ke5 58. f4+ Kf6 59. Rf8+ Ke7 60. Rf5 Rc3+ 61. Kh4 Ne6 62. g5 hxg5+ 63. fxg5 Rc4+ 64. Kg3 Rc3+ 65. Kg4 Rc4+ 66. Kg3 Rc3+ 67. Kg4 Rc4+ 68. Kg3 1/2-1/2

[Event "POL-chT U19 2nd League"]
[Site "Szczyrk"]
[Date "2014.07.27"]
[Round "4.17"]
[White "Stebel, Agata"]
[Black "Maciak, Gabriela"]
[Result "1-0"]
[WhiteElo "1616"]
[BlackElo "1385"]
[PlyCount "103"]
[EventDate "2014.07.25"]
[EventType "team-swiss"]
[EventRounds "11"]
[EventCountry "POL"]
[SourceTitle "EXT 2015"]
[Source "ChessBase"]
[SourceDate "2014.11.20"]
[SourceVersion "1"]
[SourceVersionDate "2014.11.20"]
[SourceQuality "1"]
[WhiteTeam "Rydultowy Ognisko U19"]
[BlackTeam "Legnica Miedz U19"]
[WhiteTeamCountry "POL"]
[BlackTeamCountry "POL"]

1. d4 Nf6 2. c4 e5 3. dxe5 Ng4 4. Nf3 Nc6 5. Bf4 Bb4+ 6. Nc3 f6 7. exf6 Qxf6 8. Qd2 d6 9. e3 a5 10. Be2 Be6 11. 0-0 Nge5 12. Nxe5 Nxe5 13. Qc2 Ng6 14. Bg3 Qf7 15. a3 Bc5 16. Ne4 Bf5 17. Bd3 Bxe4 18. Bxe4 Rb8 19. b4 axb4 20. axb4 Bb6 21. c5 dxc5 22. bxc5 Bxc5 23. Qxc5 Qe7 24. Qxe7+ Nxe7 25. Bxc7 Rc8 26. Be5 0-0 27. Bd6 Rce8 28. Bxb7 Rf6 29. Bxe7 Rxe7 30. Bd5+ Kf8 31. Ra8+ Re8 32. Rfa1 Rd6 33. e4 Rb6 34. g3 Rbb8 35. Rxb8 Rxb8 36. Ra8 Rxa8 37. Bxa8 Kf7 38. f4 h6 39. Kf2 Kf6 40. Ke3 g6 41. Kd4 h5 42. Kd5 Ke7 43. Ke5 Kd7 44. Kf6 Kd8 45. Kf7 Kd7 46. e5 Kd8 47. e6 h4 48. e7+ Kd7 49. e8Q+ Kc7 50. Qc6+ Kd8 51. Ke6 hxg3 52. Qd7# 1-0

[Event "POL-chT U19 2nd League"]
[Site "Szczyrk"]
[Date "2014.07.26"]
[Round "3.12"]
[White "Stebel, Agata"]
[Black "Humin, Julia"]
[Result "0-1"]
[WhiteElo "1616"]
[BlackElo "1457"]
[PlyCount "86"]
[EventDate "2014.07.25"]
[EventType "team-swiss"]
[EventRounds "11"]
[EventCountry "POL"]
[SourceTitle "EXT 2015"]
[Source "ChessBase"]
[SourceDate "2014.11.20"]
[SourceVersion "1"]
[SourceVersionDate "2014.11.20"]
[SourceQuality "1"]
[WhiteTeam "Rydultowy Ognisko U19"]
[BlackTeam "Bydgoszcz Hetman U19"]
[WhiteTeamCountry "POL"]
[BlackTeamCountry "POL"]

1. e4 c5 2. c3 d5 3. exd5 Qxd5 4. d4 Nc6 5. Nf3 e5 6. Nxe5 Nxe5 7. dxe5 Qxe5+ 8. Be3 Bd7 9. Qf3 Bc6 10. Qg3 Qxg3 11. hxg3 Nf6 12. f3 Bd6 13. Bf2 0-0-0 14. Nd2 Rhe8+ 15. Kd1 Re7 16. Kc2 Rde8 17. Nc4 Bb8 18. Bxc5 Re6 19. Bd3 g6 20. Bd4 h5 21. b4 b6 22. Bf2 Re2+ 23. Bxe2 Rxe2+ 24. Kd3 Rxf2 25. Ne3 Bxg3 26. Rhg1 Bf4 27. c4 Nd7 28. Rae1 Rxa2 29. Nc2 Ne5+ 30. Kc3 Ba4 31. Re2 Bxc2 32. Rxc2 Ra3+ 33. Kb2 Re3 34. Ka2 Nd3 35. Rb1 Bd6 36. c5 bxc5 37. bxc5 Nxc5 38. Rb5 Kd7 39. Rd2 Kc6 40. Rb1 Na4 41. Rc1+ Rc3 42. Rcd1 Ra3+ 43. Kb1 Nc3+ 0-1

[Event "POL-chT U19 2nd League"]
[Site "Szczyrk"]
[Date "2014.07.25"]
[Round "1.11"]
[White "Kaniowska, Anna"]
[Black "Stebel, Agata"]
[Result "0-1"]
[WhiteElo "1363"]
[BlackElo "1616"]
[PlyCount "98"]
[EventDate "2014.07.25"]
[EventType "team-swiss"]
[EventRounds "11"]
[EventCountry "POL"]
[SourceTitle "EXT 2015"]
[Source "ChessBase"]
[SourceDate "2014.11.20"]
[SourceVersion "1"]
[SourceVersionDate "2014.11.20"]
[SourceQuality "1"]
[WhiteTeam "Gorzow Wielkopolski Stilon U19 II"]
[BlackTeam "Rydultowy Ognisko U19"]
[WhiteTeamCountry "POL"]
[BlackTeamCountry "POL"]

1. d4 Nf6 2. c4 g6 3. Nc3 d5 4. Nf3 Bg7 5. e3 0-0 6. cxd5 Nxd5 7. Qc2 Nxc3 8. bxc3 c5 9. Be2 cxd4 10. cxd4 Nc6 11. 0-0 Bf5 12. Qb3 Qd7 13. Bd2 Rac8 14. Rac1 e5 15. dxe5 Nxe5 16. Rfd1 Be6 17. Qb1 Rxc1 18. Bxc1 Qe7 19. Bb2 Nxf3+ 20. Bxf3 Bxb2 21. Qxb2 b6 22. h3 Rc8 23. Qd2 Qc5 24. a4 Qa3 25. Qd4 Qe7 26. Ra1 Rc4 27. Qd1 Rc5 28. Rc1 Rxc1 29. Qxc1 Qb4 30. Qa1 Bb3 31. Bc6 a6 32. Bb7 b5 33. axb5 axb5 34. Qf6 Bc4 35. Qf4 Qc3 36. Bc6 b4 37. e4 b3 38. Qb8+ Kg7 39. Bd5 Bxd5 40. exd5 b2 41. Kh2 Qc1 42. Qe5+ Kh6 43. f4 b1Q 44. Qg5+ Kg7 45. Qe5+ Kf8 46. Qh8+ Ke7 47. d6+ Kd7 48. Qe5 Qg1+ 49. Kg3 Qbe1+ 0-1